Action research : for beginners in classroom- based context: (Record no. 7390)

MARC details
000 -LEADER
fixed length control field 00637nam a22001817a 4500
003 - CONTROL NUMBER IDENTIFIER
control field OSt
005 - DATE AND TIME OF LATEST TRANSACTION
control field 20260115014217.0
008 - FIXED-LENGTH DATA ELEMENTS--GENERAL INFORMATION
fixed length control field 260115b |||||||| |||| 00| 0 eng d
020 ## - INTERNATIONAL STANDARD BOOK NUMBER
International Standard Book Number 978-621-8035-67-6
040 ## - CATALOGING SOURCE
Original cataloging agency DWC-Main lib
Transcribing agency OC
082 ## - DEWEY DECIMAL CLASSIFICATION NUMBER
Classification number Fil. 378.125 D346a 2019
100 ## - MAIN ENTRY--PERSONAL NAME
Personal name De Leon, Elmer B.
245 ## - TITLE STATEMENT
Title Action research : for beginners in classroom- based context:
Remainder of title A guide for Pre- Service teachers/
Statement of responsibility, etc. Elmer B. De Leon
260 ## - PUBLICATION, DISTRIBUTION, ETC.
Place of publication, distribution, etc. Quezon City :
Name of publisher, distributor, etc. Lorimar Publishing,
Date of publication, distribution, etc. c2019.
300 ## - PHYSICAL DESCRIPTION
Extent v , 136 pages :
Other physical details illustrations ;
Dimensions 26cm
650 ## - SUBJECT ADDED ENTRY--TOPICAL TERM
Topical term or geographic name entry element 1. Action research in education
942 ## - ADDED ENTRY ELEMENTS (KOHA)
Source of classification or shelving scheme Dewey Decimal Classification
Koha item type Book-Filipiniana
Call number prefix Fil.
Suppress in OPAC No
952 ## - LOCATION AND ITEM INFORMATION (KOHA)
--
Holdings
Withdrawn status Lost status Source of classification or shelving scheme Damaged status Not for loan Home library Current library Shelving location Date acquired Source of acquisition Cost, normal purchase price Total Checkouts Full call number Barcode Date last seen Copy number Price effective from Koha item type Uniform Resource Identifier
    Dewey Decimal Classification     College Library College Library Filipiniana 02/24/2021 School Fund 295.00   Fil. 378.125 D346a 2019 CL52683 01/15/2026 c1 01/15/2026 BK - FIL